| 000 | 00450nam a2200181Ia 4500 | ||
|---|---|---|---|
| 005 | 20250603145358.0 | ||
| 008 | 250603s9999 xx 000 0 und d | ||
| 020 | _a9788120314887 | ||
| 050 | _aJF 51 .R39/ | ||
| 100 | _aRay, S. N. | ||
| 245 | 0 | _aModern comparative politics : approaches, methods and issues | |
| 260 | _aDelhi | ||
| 260 | _bPHI Learning Private Limited | ||
| 260 | _c2015 | ||
| 300 | _a300 p | ||
| 650 | _aDelhi | ||
| 942 | _cBK | ||
| 999 |
_c41689 _d41689 |
||